000 00211 a2200097 4500
001 48283
100 _aDawad Askary
245 _aJoi Sher, Pt I
260 _aKarachi
_bRasheed & Sons
_c
090 _c31235
_d31235
942 _aNUST-CAE
_cM
_c23598
999 _c283356
_d283356